000 00262nam a22001217a 4500
082 _a425
_bGRA/G
100 _aGRAND,JOHN D
245 _aA GREAT BOOK OF IDIOMS
260 _aDELHI
_bROHAN BOOK COMPNY
300 _a160
650 _aIDIOMS & PHRASES
942 _cBK
999 _c3785
_d3785